000
00318nam a22001457a 4500
003
SGT
020
_a
9788183284424
082
_a
923.154
_b
N15R
100
_a
R.N.P SINGH
245
_a
A TROUBLED LEGACY
260
_a
INDIA
_b
WISDOM TREE
_c
2015
300
_a
335
650
_a
PRIME MINISTER OF INDIA
942
_2
ddc
_c
BK
999
_c
25860
_d
25860